000 00826nam a2200217 4500
001 122352
003 ES-MaACL
005 20230906191947.0
007 t|
008 070214s1957 sp r ||||1| spa d
100 1 _aPrieto Lorenzo, Antonio.
_993933
245 1 3 _aLa lucha contra las helmintiasis intestinales humanas /
_cDr. Antonio Prieto Lorenzo.
260 _aMadrid :
_bDirección General de Sanidad,
_c1957.
300 _a70 p., 10 lám. ;
_c19 cm.
490 1 _aColección de folletos para médicos, sobre temas de carácter sanitario ;
_v53
650 4 _aHelmintiasis.
_9151035
710 1 _aEspaña.
_bDirección General de Sanidad.
_93905
830 0 _aColección de folletos para médicos, sobre temas de carácter sanitario ;
_v53
_9186563
852 _aES-MaACL
_j1997-F-5
_bR.40785
999 _c122352
_d122352